00560nam a2200157 a 450000100100000000500170001000800410002702000150006804000250008324500390010826000330014730000210018050500780020195201060027999900170038500003685420230519124859.0120202s1989 ho 000 0 spa d a0582534739 aDO-SdBNPaspacBNPHU00aFive great plays of Shakespeare /. aHong Kong :bLongman,c1989. a139 p. ;c19 cm.0 tHamlet --tMacbeth --tOthello --tThe merchant of Venice --tHenry V. -- 0010507-18MOaGRbGRcOId2012-02-02iLF1l0o p36854-10r2020-06-25w2020-06-25y1ZNo se presta c36345d36345